| 000 | 00458nam a22001817a 4500 | ||
|---|---|---|---|
| 003 | NUST | ||
| 038 | _aMuzammil Bagri | ||
| 082 |
_a891.4392 _bNAS |
||
| 100 |
_aNaseem hijazi _988889 |
||
| 245 |
_aInsan aur Devta\ _cNaseem hijazi |
||
| 260 |
_aLahore _bJahangir _c2003. |
||
| 300 |
_a407p. ; _b23cm |
||
| 500 | _aHardcover. | ||
| 563 | _aHard cover | ||
| 880 |
_6100 _aنسیم حجازی |
||
| 880 |
_6245 _aانسان اور دیوتا |
||
| 942 |
_cBK _2ddc |
||
| 999 |
_c33099 _d33099 |
||